| 000 | 00624nam a2200217Ia 4500 | ||
|---|---|---|---|
| 005 | 20250508170237.0 | ||
| 008 | 008 250505s9999 xx 000 0 eng d | ||
| 020 | _a978-1-292-33139-3 | ||
| 037 | _aReference | ||
| 040 |
_aFEDL _beng _cFEDL |
||
| 041 |
_aeng _2eng |
||
| 084 |
_a001.422 5, KIT/RR _qFEDL |
||
| 100 | _aKitchin Rob | ||
| 245 | 0 | _aData revolution: A critical analysis of big data, open data and data infrastructures | |
| 250 | _a2 | ||
| 260 |
_aLondon, UK _bSage _c2022 |
||
| 300 | _a353p. | ||
| 365 |
_aGBP _b31.99 |
||
| 942 |
_cREF _h001.422 5, KIT/RR |
||
| 999 |
_c1399996 _d1399996 |
||